[Event "Pinar del Rio Province-ch final"]
[Site "Pinar del Rio"]
[Date "2007.09.11"]
[Round "4"]
[White "Licor Padilla, Gustavo Luis"]
[Black "Miranda Llanes, Yerisbel"]
[Result "1-0"]
[WhiteElo "2181"]
[BlackElo "2095"]
[PlyCount "27"]
[EventDate "2007.07.11"]
[EventType "tourn"]
[EventRounds "11"]
[EventCountry "CUB"]
[SourceTitle "EXT 2019"]
[Source "ChessBase"]
[SourceDate "2018.10.10"]
[SourceVersion "1"]
[SourceVersionDate "2018.10.10"]
[SourceQuality "1"]

1. c4 e6 2. d4 d5 3. Nc3 c6 4. Nf3 f5 5. Bf4 Nf6 6. e3 Be7 7. Bd3 0-0 8. Ne4 Bd7 9. cxd5 exd5 10. Qc2 Re8 11. Bg3 fxe4 12. Ne5 h5 13. b4 Kh7 14. Ng6 1-0